Reliez la courbe à sa fonction - Statistiques

Statistiques générales
  • Ce quiz a été pris 1 365 fois
    1 352 depuis la dernière actualisation
  • Le résultat moyen est 8 sur 12
Statistiques - réponses
Hint Réponse % Correct
Fonction exponentielle
84%
Fonction constante
80%
Fonction affine
78%
Sinus
76%
Carré
68%
Inverse
65%
Partie entière
63%
Logarithme
62%
Cube
60%
Racine carrée
60%
Tangente
60%
Valeur absolue
56%
Aucun quiz correspondant
Distribution des résultats
% des personnes avec chaque résultat
Percentile par nombre de réponses
Votre historique - résultats
Vous n’avez pas pris ce quiz depuis la dernière actualisation